Statistics for 'F' abulous Animals🍟

Click here to take the quiz!

General Stats

  • This quiz has been taken 39 times
  • The average score is 8 of 14

Answer Stats

Answer% Correct
Fox
97%
Flamingo
94%
Frog
94%
Ferret
85%
Falcon
79%
Flying Fish
65%
Finch
62%
Flea
47%
Flying Squirrel
44%
Fennec Fox
35%
Foxhound
32%
Fallow Deer
29%
Fossa
24%
Fiddler Crab
18%

Score Distribution

Percentile by Number Answered

Percent of People with Each Score

Your Score History

You have not taken this quiz